Loading...
Navothanathinte Rajashilpikal
| Main Author: | |
|---|---|
| Format: | Printed Book |
| Published: |
Kottayam
SPCS
2012
|
| Subjects: |
| LEADER | 00427nam a22001337a 4500 | ||
|---|---|---|---|
| 082 | |a 954.83 | ||
| 100 | |a Raju Kattupunam | ||
| 245 | |a Navothanathinte Rajashilpikal | ||
| 260 | |a Kottayam |b SPCS |c 2012 | ||
| 300 | |a 104p | ||
| 650 | |a Memories | ||
| 942 | |c BK | ||
| 999 | |c 290455 |d 290455 | ||
| 952 | |0 0 |1 0 |4 0 |6 954_830000000000000_RAJ_N |7 0 |8 RUSA |9 330649 |a HIS |b HIS |c ST1 |d 2016-08-30 |g 75.00 |i 25064 |l 0 |o 954.83 RAJ / N |p HIS25064 |r 2016-08-30 |w 2016-08-30 |y BK | ||